• 首页
  • 本馆介绍
  • 公告通知
  • 最新文献
  • 馆藏检索
  • 电子资源
  • 读者导购
  • 参考咨询
  • 我的图书馆
  • 登录
  • 详细信息显示
  • 放入我的书架
  • 预约/预借图书
  • 作者相关作品
  • 分类相关作品
  • 丛书相关作品
  • 出版社相关作品

书目信息

  • 表格格式
  • 工作单格式
  • 卡片格式
题名:
俄语科技文选
    
 
作者: 马吉增 主编 ;韩志永 编
分册: 第五册  
出版信息: 上海   上海外语教育出版社  1985
页数: 344页
开本: 20cm
丛书名:
单 册:
中图分类: H359.4
科图分类:
主题词: 俄语--高等教育--教材 , 俄语
电子资源:
ISBN: 7-81009-199-9
000 00808nam0 2200265 45
001 0185013897
005 20040511161701.1
010    @dCNY1.95@a7-81009-199-9
100    @a19951024d1985 em y0chiy0121 ea
101 0  @achi
102    @aCN@b310000
105    @ay z 000yy
106    @ar
200 10 @a俄语科技文选@h第五册@Ae yu ke ji wen xuan@f马吉增主编@FMa Ji Zeng Zhu Bian
210    @a上海@c上海外语教育出版社@d1985@a上海@c上海外语教育出版社
215    @a344页@d20cm
300    @a高等学校外语教材(俄语和科技翻译专业五年级上学期)
606    @a俄语@x高等教育@x教材
606 0  @a俄语
690    @aH359.4@v3
701  0 @a马吉增@4主编@Azheng jin tang
702  0 @a韩志永@4编@Ahan zhi yong
801  0 @aCN@b深圳图书馆@c20040511
801  2 @aCN@bNLC@c20040511
905    @dH359.4@e111:5@f1@b227202
    
    俄语科技文选.第五册/马吉增主编.-上海:上海外语教育出版社,1985;上海:上海外语教育出版社
    344页;20cm
    高等学校外语教材(俄语和科技翻译专业五年级上学期)
    
    ISBN 7-81009-199-9:CNY1.95
    
●
相关链接 在E读中查询图书 在五车中查询图书 在当当中查询图书 在豆瓣中查询图书


正题名:俄语科技文选     索取号:H359.4/111:5         预约/预借

序号 登录号 条形码 馆藏地/架位号 状态 备注
1 0227201   001062245   密集书库/ [索取号:H359.4/111:5] 在馆    
2 0227202   001062254   第四借阅区/ [索取号:H359.4/111:5] 在馆    
3 0227203   001062290   第二样本阅览室/ [索取号:H359.4/111:5] 在馆    
唐山师范学院图书馆 欢迎您!
大连网信软件有限公司© 版权所有